000 00322pab a2200145 454500
008 180718b1998 xxu||||| |||| 00| 0 eng d
100 _aRanade, Sudhanshu
245 _aHinduism, then and now
260 _c1998
300 _ap.2-4
362 _a14 Nov
650 _aHinduism
773 _aYoung Indian
909 _a39270
999 _c39270
_d39270